| 000 | 00713nam a22001337a 4500 | ||
|---|---|---|---|
| 008 | 110610t xxu||||| |||| 00| 0 eng d | ||
| 010 | _aSCCAF-18 | ||
| 245 | _aSupreme Court Civil Appeal No. 13 of 91 Christopher Sebuliba Vs Attoney Genneral. | ||
| 260 | _c1999 | ||
| 500 | _aCORAM: Wambuzi, C.J., Platt, J.S.C., and Seaton, J.S.C. | ||
| 500 | _aAppeal from the decision of the High Court of Uganda at Kampala Mr. Justice Kityo dated 15/3/91 High Court Civil Case No. 528/98. | ||
| 999 |
_c2663 _d2663 |
||